Die Sicherheit des Staates. Zu einer fatalen begriffsgeschichtlichen Kontinuität in Deutschland

Gespeichert in:  
Bibliographische Detailangaben
1. VerfasserIn: Lüdtke, Alf 1943-2019 (Verfasst von)
Medienart: Druck Aufsatz
Sprache:Deutsch
Veröffentlicht: 1992
In: Die Ohnmacht der Allmächtigen
Jahr: 1992, Seiten: 18-35
Verfügbarkeit prüfen: HBZ Gateway
Schlagwörter:

MARC

LEADER 00000caa a22000002c 4500
001 1526077760
003 DE-627
005 20220604105258.0
007 tu
008 160223s1992 xx ||||| 00| ||ger c
020 |a 3861530392 
035 |a (DE-627)1526077760 
035 |a (DE-576)456077766 
035 |a (DE-599)BSZ456077766 
040 |a DE-627  |b ger  |c DE-627  |e rakwb 
041 |a ger 
100 1 |a Lüdtke, Alf  |d 1943-2019  |0 (DE-588)115524215  |0 (DE-627)077306031  |0 (DE-576)162051824  |4 aut 
109 |a Lüdtke, Alf 1943-2019  |a Lüdtke-Uhl 1943-2019  |a Luedtke, Alf 1943-2019  |a Ljudtke, Alʹf 1943-2019 
245 1 4 |a Die Sicherheit des Staates. Zu einer fatalen begriffsgeschichtlichen Kontinuität in Deutschland  |c Alf Lüdtke 
264 1 |c 1992 
336 |a Text  |b txt  |2 rdacontent 
337 |a ohne Hilfsmittel zu benutzen  |b n  |2 rdamedia 
338 |a Band  |b nc  |2 rdacarrier 
773 0 8 |i In  |t Die Ohnmacht der Allmächtigen  |b 1. Aufl.  |d Berlin : Links, 1992  |g (1992), Seite 18-35  |h 298 S.  |w (DE-627)119269627  |w (DE-576)029728746  |z 3861530392  |7 nnam 
773 1 8 |g year:1992  |g pages:18-35 
935 |a mkri 
951 |a AR 
ELC |b 1 
LOK |0 000 xxxxxcx a22 zn 4500 
LOK |0 001 2899585266 
LOK |0 003 DE-627 
LOK |0 004 1526077760 
LOK |0 005 20260216121709 
LOK |0 008 160208||||||||||||||||ger||||||| 
LOK |0 040   |a DE-21-110  |c DE-627  |d DE-21-110 
LOK |0 689   |a s  |a Innere Sicherheit 
LOK |0 689   |a s  |a Polizei 
LOK |0 689   |a s  |a Geschichte 
LOK |0 689   |a s  |a Staatssicherheit 
LOK |0 689   |a s  |a Polizeistaat 
LOK |0 689   |a s  |a Wohlfahrtspolizei 
LOK |0 852   |a DE-21-110 
LOK |0 852 1  |m p  |9 00 
LOK |0 935   |a k110 
LOK |0 938   |k p 
LOK |0 939   |a 08-02-16  |b l01 
ORI |a WA-MARC-krimdoka001.raw